La dixme part des reports de S. Edw. Coke Chiualier, chiefe Iustice Dengleterre des plees deste tenus deuant le Roy mesme assignee, & del Counseil prive d'Estat : des diuers resolutions & iudgements donez sur solennes arguments, & auec grand deliberation & conference des tresreuerend iuges & sages de la ley, de cases en ley queux ne fueront vnques resolus ou adiudges par deuant: et les raisons & causes des dits resolutions & iugements. Publie en la vnziesme an de treshaut & tresillustre Iaques ...

Bibliographic Details
Main Author: Coke, Edward, Sir, 1552-1634
Format: eBook
Language:Romance (Other)
Published: [London] : Printed [by Adam Islip] for the Societie of Stationers, Anno Dom. 1629. Cum priuilegio.
Series:Early English books online.
Subjects:
Online Access:Connect to the full text of this electronic book

MARC

Tag First Indicator Second Indicator Subfields
LEADER 00000nam a2200000 4500
001 in00004220105
005 20200807081421.0
006 m g d
007 cr bn |||a|bb|
008 920421s1629 enk o 00| | roa d
035 |a (UnM)99852044 
037 |a CL0036000038  |b ProQuest. 789 E. Eisenhower Parkway, Ann Arbor, MI 48108-3218 
040 |a Cu-RivES  |c Cu-RivES  |d CStRLIN  |e dcrb  |d WaOLN 
100 1 |a Coke, Edward,  |c Sir,  |d 1552-1634. 
240 1 0 |a Reports.  |p Part 10 
245 0 3 |a La dixme part des reports de S. Edw. Coke Chiualier, chiefe Iustice Dengleterre des plees deste tenus deuant le Roy mesme assignee, & del Counseil prive d'Estat :  |b des diuers resolutions & iudgements donez sur solennes arguments, & auec grand deliberation & conference des tresreuerend iuges & sages de la ley, de cases en ley queux ne fueront vnques resolus ou adiudges par deuant: et les raisons & causes des dits resolutions & iugements. Publie en la vnziesme an de treshaut & tresillustre Iaques ... 
246 2 |a Reports.  |p Part 10. 
246 2 |a La dixme part des reports de S. Edw. Coke Chivalier, chiefe Justice Dengleterre des plees deste tenus devant le Roy mesme assignee, & del Counseil prive d'Estat. 
260 |a [London] :  |b Printed [by Adam Islip] for the Societie of Stationers,  |c Anno Dom. 1629. Cum priuilegio. 
300 |a 1 online resource ([26], 108, [4], 109-145, [1] leaves 
336 |a text  |b txt  |2 rdacontent 
337 |a computer  |b c  |2 rdamedia 
338 |a online resource  |b cr  |2 rdacarrier 
500 |a Prefaces in English and Latin; main text in Law French, English, and Latin. 
500 |a Printer's name from STC. 
500 |a The first leaf and the last leaf are blank. 
500 |a Reproduction of the original in the Bodleian Library. 
510 4 |a STC (2nd edition)  |c 5520. 
533 |a Electronic reproduction.  |b Ann Arbor, Mich. :  |c UMI,  |d 1999-  |f (Early English books online)  |n Digital version of: (Early English books, 1475-1640 ; 1374:15)  |7 s1999 miun s 
650 0 |a Law reports, digests, etc.  |z Great Britain. 
830 0 |a Early English books online. 
856 4 0 |u http://proxy.library.tamu.edu/login?url=https://search.proquest.com/docview/2248539679  |z Connect to the full text of this electronic book  |t 0 
999 f f |s 2ca584dc-f397-316e-b644-2b3472e8ead4  |i 298bb157-a087-3c49-aa59-68fb1f6f9c46  |t 0 
952 f f |a Texas A&M University  |b College Station  |c Electronic Resources  |d Available Online  |t 0  |h No information provided 
998 f f |t 0  |l Available Online